000 00273nam a22001217a 4500
008 181003b xxu||||| |||| 00| 0 eng d
041 _aeng
080 _26 ED
_a710
100 _a45
101 _aART
245 _aFilm Art An Introduction
_cBordvel.D
942 _2udc
_cBK
999 _c48812
_d48812